000 00459nam a2200193Ia 4500
005 20250603145450.0
008 250603s9999 xx 000 0 und d
020 _a9781259921797
050 _aHD 31 .J33/
100 _aJacobs, F. Robert
245 0 _aOperations and supply chain management
250 _a15th ed.
260 _aNew York
260 _bMcGraw-Hill Education
260 _c2018
300 _a754 p
650 _aNew York
942 _cBK
999 _c41936
_d41936